| 000 | 00891nam0a22002651 4500 | ||
|---|---|---|---|
| 001 | rc\163905 | ||
| 005 | 20250620214046.0 | ||
| 010 |
_a5-283-00980-7 _935000 |
||
| 035 | _a(NLR Aleph) 005428533 | ||
| 090 |
_a7552323 _c7552323 |
||
| 100 | _a20030307d1992 |||y0rusy50 ca | ||
| 101 | 0 | _arus | |
| 102 | _aRU | ||
| 105 | _aa ||||||||| | ||
| 200 | 1 | _aТехника безопасности при работе с инструментами и приспособлениями | |
| 210 |
_aМ. _cЭнергоатомиздат _d1992 |
||
| 215 |
_a93, [2] с. _cил. _d22 |
||
| 225 | 1 |
_aБиблиотека электромонтера _vВып. 633 |
|
| 320 | _aБиблиогр.: с. 94 (9 назв.) | ||
| 700 | 1 |
_aКорнилович _bО.П. _gОлег Павлович |
|
| 801 | 0 |
_aRU _bNLR _gpsbo |
|
| 801 | 1 |
_aRU _bELAR _2rusmarc |
|
| 852 |
_aNLR _j92-4/3523 |
||
| 942 | _cBOOK | ||
| 980 | _aNB | ||